000 00303nam a22001337a 4500
008 181018b xxu||||| |||| 00| 0 eng d
020 _a9780312188528
041 _aeng
080 _22nd
_a004
100 _a28
101 _aSHKI
245 _aComputer-Assisted Reporting
_cHouston, B
942 _2udc
_cBK
999 _c50152
_d50152